| 000 | 00880nam a2200253 a 4500 | ||
|---|---|---|---|
| 001 | 68115 | ||
| 003 | BD-RjUL | ||
| 005 | 20211209081731.0 | ||
| 008 | 170330s1946 maua b 001 0 eng d | ||
| 035 | _a(BD-RjUL)68324 | ||
| 040 |
_aBD-RjUL _beng _cBD-RjUL _dBD-RjUL |
||
| 041 | _aeng | ||
| 082 |
_223 _a632.425 _bCHN 1946 |
||
| 100 | 1 |
_aChester, K. Starr. _9201926 |
|
| 245 | 1 | 4 |
_aThe nature and prevention of the cereal rusts : _bas exemplified in the leaf rust of wheat / _cby K. Starr Chester |
| 260 |
_aWaltham, Mass : _bChronica Botanica, _c1946. |
||
| 300 |
_axiv, 269 p. : _bill., _c27 cm. |
||
| 490 |
_aAnnales cryptogamici et phytopathologici, _vv. 4. |
||
| 500 | _aSpine title: Cereal rusts | ||
| 504 | _aIncludes indexes and bibliography | ||
| 650 | 0 |
_aCereal rusts _9201927 |
|
| 830 | 0 |
_aAnnales cryptogamici et phytopathologici, v. 4. _9201929 |
|
| 942 |
_2ddc _cBK |
||
| 999 |
_c68115 _d68115 |
||